Разработка катализаторов процесса окисления пропилена в оксид пропилена; Химия и химическая технология в XXI веке

Dades bibliogràfiques
Parent link:Химия и химическая технология в XXI веке.— 2009.— С. 78
Autor principal: Францева Н. В.
Altres autors: Мартынова Ю. П. (научный руководитель), Верещагин В. И. Владимир Иванович
Idioma:rus
Publicat: 2009
Matèries:
Format: MixedMaterials Capítol de llibre
KOHA link:https://koha.lib.tpu.ru/cgi-bin/koha/opac-detail.pl?biblionumber=172328

MARC

LEADER 00000naa2a2200000 4500
001 172328
005 20240207092929.0
035 |a (RuTPU)RU\TPU\book\186879 
090 |a 172328 
100 |a 20091211d2009 k y0rusy50 ca 
101 0 |a rus 
102 |a RU 
200 1 |a Разработка катализаторов процесса окисления пропилена в оксид пропилена  |f Н. В. Францева, Ю. П. Мартынова  |g науч. рук. В. И. Верещагин 
320 |a Библиогр.: 3 назв. 
463 0 |0 (RuTPU)RU\TPU\book\176321  |t Химия и химическая технология в XXI веке  |o X Юбилейная всероссийская научно-практическая конференция студентов и аспирантов, г. Томск, 13-15 мая 2009 г.  |f Томский политехнический университет (ТПУ) ; Химия и химическая технология в XXI веке  |v С. 78  |d 2009  |p 322 с. 
610 1 |a поропилен 
610 1 |a окисление 
610 1 |a оксид пропилена 
610 1 |a органический синтез 
610 1 |a катализаторы 
610 1 |a труды учёных ТПУ 
700 1 |a Францева  |b Н. В. 
701 1 |a Мартынова  |b Ю. П. 
702 1 |a Верещагин  |b В. И.  |c химик-технолог  |c профессор Томского политехнического университета, доктор технических наук  |f 1942-  |g Владимир Иванович  |3 (RuTPU)RU\TPU\pers\19774  |4 727  |9 7712 
801 1 |a RU  |b 63413507  |c 20091211 
801 2 |a RU  |b 63413507  |c 20171107  |g RCR 
942 |c BK